Is Taxation Important for the Allocation of FDI in EU Countries?

Výška priamych zahraničných investícií (PZI) naznačuje atraktivitu krajiny pre zahraničných investorov. Môže však odrážať aj daňové výhody poskytnuté prijímajúcou krajinou alebo dosiahnuteľné kombináciou daňových pravidiel štátu investora a prijímajúcej krajiny. Ak tieto výhody predstavujú príležito...

Full description

Saved in:
Bibliographic Details
Main Author: Pavel, Jan
Other Authors: Tepperová, Jana, Zídková, Hana
Format: Book Chapter
Language:English
Subjects:
Tags: Add Tag
No Tags, Be the first to tag this record!

MARC

LEADER 00000naa a2200000 4500
001 0303337
005 20240802080951.2
041 0 |a eng 
044 |a SK 
245 1 0 |a Is Taxation Important for the Allocation of FDI in EU Countries?  |c Jan Pavel, Jana Tepperová, Hana Zídková 
520 |a Výška priamych zahraničných investícií (PZI) naznačuje atraktivitu krajiny pre zahraničných investorov. Môže však odrážať aj daňové výhody poskytnuté prijímajúcou krajinou alebo dosiahnuteľné kombináciou daňových pravidiel štátu investora a prijímajúcej krajiny. Ak tieto výhody predstavujú príležitosť na agresívne daňové plánovanie, vedie to k presunu ziskov, s ktorým sa medzinárodné organizácie a ich členovia snažia bojovať. 
610 2 0 |a dane 
610 2 0 |a platby priame 
610 2 0 |a investície 
610 2 0 |a Európska únia 
610 2 0 |a investori 
100 1 |a Pavel, Jan 
700 1 |a Tepperová, Jana 
700 1 |a Zídková, Hana